Soil microbiology /

Guardado en:
Autor Principal: Waksman, Selman A. 1888-1973.
Formato: Libro
Idioma:English
Publicado: New York : Wiley, [1952]
Materias:
Acceso en línea:Acceso a texto completo
Etiquetas: Agregar Etiqueta
Sin Etiquetas, Sea el primero en etiquetar este registro!
LEADER 00749nam a22001935a 4500
001 EEA.libagro001849
008 130809s1952####nyua##########000#0#eng#d
005 20210428111606.0
245 1 0 |a Soil microbiology /  |c Selman A. Waksman. 
260 |a New York :  |b Wiley,  |c [1952] 
300 |a 356 p. :  |b il. ;  |c 24 cm. 
500 |a "Based on the author's two previous volumes, Principles of soil microbiology and The soil and the microbe". 
530 |a Disponible también en línea. 
100 1 |a Waksman, Selman A.  |q (Selman Abraham),  |d 1888-1973. 
082 0 4 |a 631.46 
653 |a Microbiología de suelos 
010 |a 52009965 
856 4 1 |3 Acceso a texto completo  |u https://doi.org/10.5962/bhl.title.7447 
859 |a AR-BbBCA  |b BIB. AGRONOMIA  |h 631.46  |i W149  |p 1956/0071